000 00483cam a2200157 4500500
005 20260405001416.0
041 _afre
042 _adc
100 1 0 _aBarton, Adrien
_eauthor
245 0 0 _aJongleries sentimentales
260 _c2012.
500 _a57
690 _aDilemme moral
786 0 _nPhilosophie magazine | 65 | 12 | 2012-12-01 | p. 73-73 | 1951-1787
856 4 1 _uhttps://shs.cairn.info/magazine-philosophie-magazine-2012-12-page-73?lang=fr&redirect-ssocas=7080
999 _c2047347
_d2047347